| 000 | 00725nam a2200229 a 4500 | ||
|---|---|---|---|
| 001 | BRCA_4133 | ||
| 005 | 20190320204545.0 | ||
| 008 | 140410s1923----mx-a######---#000-0#spa-# | ||
| 041 | _aspa | ||
| 044 | _amx | ||
| 050 | 4 |
_aAM23 _b.M66 1923 |
|
| 100 | 1 |
_aMontes de Oca, José G. _910672 |
|
| 245 | 1 | 0 |
_aLos museos en la República Mexicana _cpor José G. Montes de Oca. |
| 260 |
_aMéxico _bMuseo Nacional de Arqueología, Historia y Etnografía _c1923 |
||
| 300 |
_a70 p. _bil. _c20 cm. |
||
| 440 | 0 |
_aMonografías del Museo Nacional de Arqueología, Historia y Etnografía _910673 |
|
| 500 | _aC161 | ||
| 650 | 1 | 4 |
_aMuseos _zMéxico _93716 |
| 650 | 1 | 4 |
_aGalerías y museos _zMéxico _94513 |
| 902 | _aGFM | ||
| 942 |
_2lcc _cB |
||
| 999 |
_c3849 _d3849 |
||